Arcane Episode Titles - Statistics

General Stats
  • This quiz has been taken 25 times
  • The average score is 8 of 18
Answer Stats
Hint Answer % Correct
Oil and Water
71%
Season 2 Heavy Is the Crown
65%
The Dirt Under Your Nails
59%
Season 1 Welcome to the Playground
59%
The Boy Savior
53%
Everybody Wants to Be My Enemy
47%
Paint the Town Blue
47%
Pretend Like It's the First Time
47%
Finally Got the Name Right
41%
Happy Progress Day!
41%
The Base Violence Necessary for Change
35%
When These Walls Come Tumbling Down
35%
Blisters and Bedrock
29%
Some Mysteries Are Better Left Unsolved
29%
The Message Hidden Within the Pattern
29%
Watch It All Burn
29%
Killing Is a Cycle
24%
The Monster You Created
24%
No matching quizzes found
Score Distribution
Percent of People with Each Score
Percentile by Number Answered
Your Score History
You have not taken this quiz